LEADER 01050nam0-2200337---450- 001 990009876190403321 005 20140701125943.0 010 $a978-88-581-0674-7 035 $a000987619 035 $aFED01000987619 035 $a(Aleph)000987619FED01 035 $a000987619 100 $a20140701d2013----km-y0itay50------ba 101 0 $aita 102 $aIT 105 $ay-------001yy 200 1 $aClero criminale$el'onore della Chiesa e i delitti degli ecclesiastici nell'Italia della controriforma$fMichele Mancino, Giovanni Romeo 210 $aRoma ; Bari$cLaterza$d2013 215 $aIX, 237 p.$d21 cm 225 1 $aQuadrante Laterza$v192 610 0 $aTribunali ecclesiastici$aSec. 16.-17. 676 $a262.136$v20$zita 700 1$aMancino,$bMichele$f<1947- >$0262125 701 1$aRomeo,$bGiovanni$f<1949- >$0174425 801 0$aIT$bUNINA$gREICAT$2UNIMARC 901 $aBK 912 $a990009876190403321 952 $aCollez. 1251 (192)$b51469$fFSPBC 959 $aFSPBC 996 $aClero criminale$9827188 997 $aUNINA LEADER 01004nam0-22003371i-450- 001 990005479560403321 005 20080421130846.0 010 $a0-576-15103-3 035 $a000547956 035 $aFED01000547956 035 $a(Aleph)000547956FED01 035 $a000547956 100 $a19990604e19711591km-y0itay50------ba 101 0 $aita 105 $ay-------001yy 200 1 $a<>bellezze della citta di Fiorenza$fFrancesco Bocchi$gwith a new introduction by John Shearman 205 $aRist. anast. 210 $aLondon$cGregg International$d1971 215 $a290 p.$d18 cm 324 $aRipr. dell'ed.: Florence, 1591 610 0 $aFirenze$aGuide 676 $a709.4551 700 1$aBocchi,$bFrancesco$f<1548-1618>$0211990 702 1$aShearman,$bJohn 801 0$aIT$bUNINA$gRICA$2UNIMARC 901 $aBK 912 $a990005479560403321 952 $a709.45 BOC 3$bST. ARTE 10776$fFLFBC 959 $aFLFBC 996 $aBellezze della citta di Fiorenza$9587374 997 $aUNINA LEADER 00988nam a2200241 i 4500 001 991002576859707536 005 20020508202613.0 008 000220s1964 de ||| | eng 035 $ab11030380-39ule_inst 035 $aPARLA165322$9ExL 040 $aDip.to Filosofia$bita 082 0 $a231.74 100 1 $aClarke, Samuel$0148543 245 12$aA demonstration of the being and attributes of God. 1705 :$ba discourse concerning the unchangeable obligations of natural religion. 1706 :$bfaksimile-Neudruck der Londoner Ausgaben 260 $aStuttgart-Bad Cannstatt :$bF. Frommann,$c1964 300 $a405 p. ;$c17 cm 650 4$aTeologia 907 $a.b11030380$b21-09-06$c28-06-02 912 $a991002576859707536 945 $aLE005IF III B 2$g1$i2005000068706$lle005$o-$pE0.00$q-$rl$s- $t0$u0$v0$w0$x0$y.i1115147x$z28-06-02 996 $aDemonstration of the being and attributes of God. 1705$9862746 997 $aUNISALENTO 998 $ale005$b01-01-00$cm$da $e-$feng$gde $h2$i1